| 000 | 00000nam##2200000za#4500 |
| 001 | 9.563659 |
| 003 | CaOODSP |
| 005 | 20210929082753 |
| 007 | cr ||||||||||| |
| 008 | 150406|2008||||xxc|||||o f|0| 0 eng|d |
| 020 | |a978-0-662-47886-7 |
| 040 | |aCaOODSP|beng |
| 043 | |an-cn--- |
| 086 | 1 |aFo143-2/415E-PDF |
| 110 | 1 |aCanada. |bNatural Resources Canada. |bCanadian Forest Service. |
| 245 | 13|aAn examination of the threats and risks to forests arising from invasive alien species / |h[electronic resource]|c[by] Emina Krcmar. |
| 260 | |bNatural Resources Canada. |c2008. |
| 300 | |a55p.|bcoloured maps, figs., references, tables |
| 490 | 1 |aInformation report [BC-X-series]|vBC-X-415 |
| 546 | |a(Résumé en français.) |
| 590 | |a08-27|b2008-07-04 |
| 720 | 1 |aKrcmar, Emina |
| 775 | 08|tÉtude des menaces et des risques liés aux espèces exotiques envahissantes forestières / |w(CaOODSP)9.601715 |
| 776 | 0#|tAn examination of the threats and risks to forests arising from invasive alien species / |w(CaOODSP)9.618664 |
| 830 | #0|aInformation report (Pacific Forestry Centre)|vBC-X-415|w(CaOODSP)9.504853 |
| 856 | 40|ahttp://publications.gc.ca|qPDF|s3499 KB|uhttps://publications.gc.ca/collections/collection_2008/nrcan/Fo143-2-415E.pdf|yBC-X-415 |